Регионална библиотека "Любен Каравелов" - Русе

Песни за изпълнение и творби за възприемане по музика за 8 клас на ЕСПУ. (Запис номер 524593)

MARC детайли
000 -Лидер
Лидер 04522njm a2200301 a 4500
003 - Код на организацията, давaща контролен номер
Код на организацията, даваща контролен номер BLK
005 - Дата и час на последна редакция
Дата и час на последна редакция 20250107115105.0
007 - Фиксирано поле за физическо описани
Физическо описание sd ammalaaahaa
008 - Елементи от данни с фиксирана дължина
Елементи с фиксирана дължина 240808b bul||n|| |||||||| n|bulo|
028 ## - PUBLISHER NUMBER
Издателски номер ВЕА 90017
040 ## - Източник на каталожния запис
Код на библиотеката BLK
041 ## - Код за език
Език на записа Български
Език за КДБФ Български
080 ## - УДК
УДК текст Симфонична програмна музика. Симфонична поема
УДК код 785.11.04
УДК – определител (086.72)
УДК – код + определител 785.11.04(086.72)
245 ## - Сведения за заглавието
Заглавие Песни за изпълнение и творби за възприемане по музика за 8 клас на ЕСПУ.
Подзаглавни данни Музикалната култура на XIX век
Авторска отговорност съст. Киприана Беливанова; ред. Евгения Маева
260 ## - Област на издателските данни
Място на издаване София
Име на издателя Балкантон
Година на издаване 1990
9 (RLIN) 210374
300 ## - Физическа характеристика
Брой страници 1 грамофонна плоча
Илюстрации 33 об/мин. : стерео
Размер 30 см
380 ## - Жанр
Жанр Изкуство
500 ## - Общи забележки
Обща забележка Страна А <br/>1. Въведение към операта "Кармен" / музика Жорж Бизе; изпълнява Лондонски симфоничен оркестър; диригент Клаудио Абадо (3.35)<br/>2—3. Откъс из Хабанера ; Сегидиля : из операта "Кармен" / музика Жорж Бизе; изпълнява Александрина Милчева, Хор и Оркестър на Софийската нар. опера, Детски хор "Бодра смяна"; диригент Иван Маринов<br/>4. Сцена на бурята из 1 действие на операта "Отело" / музика Джузепе Верди; изпълнява Амброзиански оперен хор, Лондонската филхармония, Пласидо Доминго; диригент Джеймс Ливайн; хормайстор Дж. Маккарти <br/>5. "Мазурка оп. 6 № 3 в ми мажор" / музика Фредерик Шопен; изпълнява Антон Рубинщайн - пиано <br/>6. "Капричио за соло цигука в ми бемол мажор" / музика Николо Паганини; изпълнява М. Рабин <br/>7—8. Из "Карнавал" оп. 9: № 12 - "Шопен" (1.40); № 16 - "Немски валс. Интермецо Паганини" / музика Роберт Шуман; изпълнява Иван Евтимов - пиано<br/>9. Из "Унгарска рапсодия № 7" / музика Ференц Лист; изпълнява Дьорд Цифра - пиано<br/><br/><br/><br/><br/><br/><br/><br/><br/><br/><br/><br/><br/>
500 ## - Общи забележки
Обща забележка Страна В<br/>1. Из "Валс-фантазия" / музика Михаил Глинка; изпълнява Голям симфоничен оркестър на Съветското радио и телевизия; диригент Владимир Федосеев <br/>2. Из 1 част на "Симфония № 4 във фа минор" / музика Пьотр Илич Чайковски; изпълнява Симфоничен оркестър на Съветското радио и телевизия; диригент Генади Рождественски <br/>3. Из 2 част на "Симфония № 6 в си бемол минор, оп. 74, Патетичната" / музика Пьотр Илич Чайковски; изпълнява Нюйоркската филхармония; диригент Ленард Бърнстейн <br/>4— 5. 2 част - "Бал" из "Фантастична симфония" ; Откъс из 4 част - "Шествие към ешафода" / музика Хектор Берлиоз; изпълнява Нюйоркската филхармония; диригент Зубин Мета<br/>6—8. Откъс из 1 част "Вишехрад" (2.30); Откъс от 2 част - "Вълтава" ; Откъс из 5 част - "Табор": из цикъла "Моето отечество" / музика Бедржих Сметана; изпълнява Чешката филхармония; диригент Вацлав Нойман<br/>
653 ## - Ключова дума – ненормативна
9 (RLIN) 389499
Ключови думи оперна музика
653 ## - Ключова дума – ненормативна
9 (RLIN) 196604
Ключови думи симфонична музика
700 ## - Други автори (авторска отговорност)
9 (RLIN) 1478
Друг автор Беливанова, Киприана Димитрова
Авт. отговорност на др. автор състав.
700 ## - Други автори (авторска отговорност)
9 (RLIN) 1311
Друг автор Маева, Евгения
Авт. отговорност на др. автор ред.
852 ## - Местоположение
Сигнатура (форматна) Ф ІІ 7631
Отдел Хранилище
856 ## - Електронен адрес и достъп
Инструкция (цена за достъп) 0.00
Права за достъп disable
942 ## - АРТИКУЛИ
Вид на библиотечния документ Грамофонни плочи
Скрит в OPAC Не
944 ## - СЪЗДАВАНЕ И РЕДАКЦИЯ на ЗАПИСА
Дата на регистрацията/редакция Христина Везирева
Служител, извършил регистрацията/редакцията 30535
Статус, дата на статуса Христина Везирева
Създаване/Редакция
999 ## - СИСТЕМНИ КОНТРОЛНИ НОМЕРА
Koha biblionumber 524593
Koha biblioitemnumber 524593
Наличности
Код за отписване Код за изгубен артикул Източник на класификационната схема Код за повреда Код за отдаване Артикулен № Име на библиотеката - собственик Име на библиотеката, в която се намира в момента Статус (Текущо местоположение) Дата на вписване в системата Местоположение - отдел Цена в лева Инвентарен номер Систематично азбучна сигнатура Баркод Цена в евро Служебен тип на артикула
  Не е изгубен Universal Decimal Classification Не е повреден ползва се в читалня 957558 Регионална библиотека "Любен Каравелов" Русе Регионална библиотека "Любен Каравелов" Русе Хранилище 2025-01-07 Хранилище 2.30 18369 Ф ІІ 7631 900000111924 1.18 Грамофонни плочи
Vip Innovations Ltd, Rousse, Bulgaria 2025